აღკვეთის ღონისძიებანი სისხლის სამართლის პროცესში : (ბიბ.ჩანაწერი № 49408)
[ მარტივი ფორმატი ]
| 000 -ლიდერი | |
|---|---|
| ფიქსირებული სიგრძის საკონტროლო ველი | 01333nam a2200253Ia 4500 |
| 001 - საკონტროლო ნომერი | |
| საკონტროლო ველი | 16328 |
| 003 - საკონტროლო ნომრის იდენტიფიკატორი | |
| საკონტროლო ველი | GE_BSU |
| 005 - ბოლო ოპერაციის თარიღი და დრო | |
| საკონტროლო ველი | 20210716153935.0 |
| 008 - ფიქსირებული სიგრძის მონაცემთა ელემენტები - ზოგადი ინფორმაცია | |
| ფიქსირებული სიგრძის საკონტროლო ველი | 181216s2003||||ge |||||||||||||| ||geo|| |
| 020 ## - წიგნის საერთაშორისო სტანდარტული ნომერი | |
| International Standard Book Number | ISBN 99928-32-06-1 |
| 040 ## - კატალოგიზაციის წყარო | |
| Transcribing agency | GE_BSU |
| 041 ## - ენის კოდი | |
| Language code of text/sound track or separate title | geo |
| 080 ## - უნივერსალური ათობითი კლასიფიკაციის ინდექსი | |
| Universal Decimal Classification number | 343.125(076.5) გ-12 |
| 100 ## - მთავარი ჩანაწერი - პიროვნების სახელი | |
| Personal name | გაბისონია, იური |
| 9 (RLIN) | 462 |
| 245 ## - ცნობა სათაურის შესახებ | |
| Title | აღკვეთის ღონისძიებანი სისხლის სამართლის პროცესში : |
| Remainder of title | პრაქტ. სახელმძღვ. (საპროცესო დოკუმენტების ნიმუშებითურთ) / |
| Statement of responsibility, etc | იური გაბისონია ; რედ. აპოლონ ფალიაშვილი. |
| 264 ## - წარმოების, გამოცემის, დისტრიბუციის და სხვა ცნობები | |
| გამოცემის, წარმოების, დისტრიბუციის... ადგილი | თბილისი : |
| გამოცემის, წარმოების, დისტრიბუციის... სახელწოდება | მერიდიანი, |
| გამოცემის, წარმოების, დისტრიბუციის... თარიღი | 2003. |
| 300 ## - ფიზიკური აღწერა | |
| Extent | 420 გვ. ; |
| Dimensions | 20 სმ. |
| 653 ## - INDEX TERM--UNCONTROLLED | |
| Uncontrolled term | სამართალი |
| 653 ## - INDEX TERM--UNCONTROLLED | |
| Uncontrolled term | საქართველოს სისხლის სამართალი |
| 653 ## - INDEX TERM--UNCONTROLLED | |
| Uncontrolled term | აღკვეთის ღონისძიებანი სისხლის სამართლის პროცესში |
| 700 ## - ADDED ENTRY--PERSONAL NAME | |
| Personal name | ფალიაშვილი, აპოლონ |
| Relator term | რედაქტორი |
| 9 (RLIN) | 241 |
| 942 ## - ADDED ENTRY ELEMENTS (KOHA) | |
| Koha item type | წიგნი |
| Source of classification or shelving scheme | |
| ჩამოწერის სტატუსი | დაკარგული ეგზემპლარის სტატუსი | კლასიფიკაციის წყარო ან თაროზე გაწყობის სქემა | დაზიანების სტატუსი | არ გაიცემა | მუდმივი მდებარეობა (დაცვის ადგილი) | ამჟამინდელი ადგილსამყოფელი | თაროზე განთავსების ადგილი | შეძენის თარიღი | ღირებულება, შესყიდვის ნორმალური ფასი | სრული შენახვის შიფრი | შტრიხკოდი | ბოლო ოპერაციის თარიღი | ეგზემპლარის მიმდევრობითი ნომერი (კეტერი?) | ფასის ძალაში შესვლის თარიღი | ეგზემპლარის სახეობა | საჯარო შენიშვნა |
|---|---|---|---|---|---|---|---|---|---|---|---|---|---|---|---|---|
| ბათუმის შოთა რუსთაველის სახელმწიფო უნივერსიტეტის მთავარი ბიბლიოთეკა | ბათუმის შოთა რუსთაველის სახელმწიფო უნივერსიტეტის მთავარი ბიბლიოთეკა | წიგნსაცავი | 2018-12-17 | 8.00 | 343.125(076.5) გ-12 | 40572 | 2018-12-17 | 40572 | 2018-12-17 | წიგნი | 8.00 ₾. | |||||
| ბათუმის შოთა რუსთაველის სახელმწიფო უნივერსიტეტის მთავარი ბიბლიოთეკა | ბათუმის შოთა რუსთაველის სახელმწიფო უნივერსიტეტის მთავარი ბიბლიოთეკა | წიგნსაცავი | 2018-12-17 | 8.00 | 343.125(076.5) გ-12 | 40573 | 2018-12-17 | 40573 | 2018-12-17 | წიგნი | 8.00 ₾. | |||||
| ბათუმის შოთა რუსთაველის სახელმწიფო უნივერსიტეტის მთავარი ბიბლიოთეკა | ბათუმის შოთა რუსთაველის სახელმწიფო უნივერსიტეტის მთავარი ბიბლიოთეკა | წიგნსაცავი | 2018-12-17 | 15.00 | 343.125(076.5) გ-12 | 54742 | 2018-12-17 | 54742 | 2018-12-17 | წიგნი | 15.00 ₾. | |||||
| ბათუმის შოთა რუსთაველის სახელმწიფო უნივერსიტეტის მთავარი ბიბლიოთეკა | ბათუმის შოთა რუსთაველის სახელმწიფო უნივერსიტეტის მთავარი ბიბლიოთეკა | წიგნსაცავი | 2018-12-17 | 15.00 | 343.125(076.5) გ-12 | 54743 | 2018-12-17 | 54743 | 2018-12-17 | წიგნი | 15.00 ₾. | |||||
| ბათუმის შოთა რუსთაველის სახელმწიფო უნივერსიტეტის მთავარი ბიბლიოთეკა | ბათუმის შოთა რუსთაველის სახელმწიფო უნივერსიტეტის მთავარი ბიბლიოთეკა | წიგნსაცავი | 2021-07-16 | 10.00 | 343.125(076.5) გ-12 | 28854 | 2021-07-16 | 28854 | 2021-07-16 | წიგნი | 10.00 ₾. | |||||
| ბათუმის შოთა რუსთაველის სახელმწიფო უნივერსიტეტის მთავარი ბიბლიოთეკა | ბათუმის შოთა რუსთაველის სახელმწიფო უნივერსიტეტის მთავარი ბიბლიოთეკა | წიგნსაცავი | 2023-02-09 | 8.00 | 343.125(076.5) გ-12 | 63724 | 2023-02-09 | 63724 | 2023-02-09 | წიგნი | 8.00 |
